The noble scholar, jurist, historian


 His Excellency Dr. Abdul Wahhab bin Ibrahim Abu Sulaiman, may Allah have mercy on him.


 He was born in Umm Al-Qura in the year 1356 AH.

مقاصد الشريعة الإسلامية في العمل الخيري : (Record no. 10394)

MARC details
000 -LEADER
fixed length control field 01462cam a22003371i 4500
003 - CONTROL NUMBER IDENTIFIER
control field SA-RiAUC
005 - DATE AND TIME OF LATEST TRANSACTION
control field 20250730060753.0
008 - FIXED-LENGTH DATA ELEMENTS--GENERAL INFORMATION
fixed length control field 250729s2008 xxk g b 000 0 ara c
020 ## - INTERNATIONAL STANDARD BOOK NUMBER
Canceled/invalid ISBN 1905650156
040 ## - CATALOGING SOURCE
Original cataloging agency SA-JeALM
Language of cataloging ara
Transcribing agency SA-RiAUC.
Description conventions rda
041 1# - LANGUAGE CODE
Language code of text/sound track or separate title ara
Language code of summary or abstract eng
072 #7 - SUBJECT CATEGORY CODE
Subject category code MAI
082 04 - DEWEY DECIMAL CLASSIFICATION NUMBER
Classification number 214.36137
Assigning agency SA-RiAUC
090 ## - LOCALLY ASSIGNED LC-TYPE CALL NUMBER (OCLC); LOCAL CALL NUMBER (RLIN)
Classification number (OCLC) (R) ; Classification number, CALL (RLIN) (NR) 214.36137
Local cutter number (OCLC) ; Book number/undivided call number, CALL (RLIN) غ ا ن
100 1# - MAIN ENTRY--PERSONAL NAME
Personal name غانم، إبراهيم البيومي،
Dates associated with a name 1959-
Relator term مؤلف.
245 10 - TITLE STATEMENT
Title مقاصد الشريعة الإسلامية في العمل الخيري :
Remainder of title رؤية حضارية مقارنة = Purposes of islamic voluntary work : a comparative study of civility /
Statement of responsibility, etc. إبراهيم البيومي غانم.
246 31 - VARYING FORM OF TITLE
Title proper/short title Purposes of islamic voluntary work :
Remainder of title a comparative study of civility
250 ## - EDITION STATEMENT
Edition statement الطبعة الثانية.
264 #1 - PRODUCTION, PUBLICATION, DISTRIBUTION, MANUFACTURE, AND COPYRIGHT NOTICE
Place of production, publication, distribution, manufacture لندن :
Name of producer, publisher, distributor, manufacturer مؤسسة الفرقان للتراث الإسلامي،
Date of production, publication, distribution, manufacture, or copyright notice 2008
300 ## - PHYSICAL DESCRIPTION
Extent 123 صفحة ؛
Dimensions 20 سم.
336 ## - CONTENT TYPE
Content type term نص
Content type code txt
Source rdacontent
Materials specified كتاب
337 ## - MEDIA TYPE
Media type term بدون وسيط
Media type code n
Source rdamedia
338 ## - CARRIER TYPE
Carrier type term مجلد
Carrier type code nc
Source rdacarrier
490 0# - SERIES STATEMENT
Series statement سلسلة المحاضرات ؛
Volume/sequential designation 7
504 ## - BIBLIOGRAPHY, ETC. NOTE
Bibliography, etc. note ببليوجرافية : صفحة 115-122.
546 ## - LANGUAGE NOTE
Language note يشتمل على ملخص باللغة الإنجليزية.
650 #7 - SUBJECT ADDED ENTRY--TOPICAL TERM
Topical term or geographic name entry element الأعمال الخيرية (فقه إسلامي)
Source of heading or term aucsh
650 #7 - SUBJECT ADDED ENTRY--TOPICAL TERM
Topical term or geographic name entry element مقاصد الشريعة
Source of heading or term aucsh
942 ## - ADDED ENTRY ELEMENTS (KOHA)
Source of classification or shelving scheme Dewey Decimal Classification
Koha item type Books
Suppress in OPAC No
949 ## - LOCAL PROCESSING INFORMATION (OCLC)
a SA-JeALM
d 250729
u osman123
n 1
Holdings
Withdrawn status Lost status Source of classification or shelving scheme Damaged status Not for loan Home library Current library Date acquired Total checkouts Full call number Barcode Date last seen Price effective from Koha item type
    Dewey Decimal Classification     DR AbdElwahab Library DR AbdElwahab Library 07/30/2025   214.36137 غ ا ن 000016929 07/30/2025 07/30/2025 Books